[Event "Niedersachsen-ch op"]
[Site "Verden"]
[Date "2011.01.02"]
[Round "2"]
[White "Baisakow, Alexander"]
[Black "Reinkemeier, Fabian"]
[Result "1-0"]
[WhiteElo "2147"]
[BlackElo "1707"]
[PlyCount "74"]
[EventDate "2011.01.02"]
[EventType "swiss"]
[EventRounds "7"]
[EventCountry "GER"]
[SourceTitle "EXT 2018"]
[Source "ChessBase"]
[SourceDate "2017.10.13"]
[SourceVersion "1"]
[SourceVersionDate "2017.10.13"]
[SourceQuality "1"]

1. e4 g6 2. d4 d6 3. Nc3 Bg7 4. Be3 c6 5. f4 Qc7 6. Nf3 Bg4 7. h3 Bxf3 8. Qxf3 Nd7 9. e5 e6 10. Ne4 dxe5 11. fxe5 f6 12. exf6 Ngxf6 13. Ng5 Nf8 14. Bc4 Qe7 15. 0-0-0 0-0-0 16. Rhe1 h6 17. Ne4 Nd5 18. Bg1 b6 19. Bh2 Kb7 20. Qb3 Nd7 21. Nd6+ Ka8 22. Bxd5 cxd5 23. Qxd5+ exd5 24. Rxe7 Bf6 25. Re6 Bg5+ 26. Kb1 Rhf8 27. Rxg6 Rf2 28. Be5 Rdf8 29. a4 Nf6 30. Nb5 Ne4 31. Rg7 R2f7 32. Rxf7 Rxf7 33. Nc7+ Kb7 34. Nxd5 Rf2 35. g3 Nd2+ 36. Ka2 Nc4 37. h4 Bd8 1-0

[Event "Niedersachsen-ch U16"]
[Site "Rotenburg"]
[Date "2009.04.05"]
[Round "2"]
[White "Elborg, Cornelia"]
[Black "Reinkemeier, Fabian"]
[Result "0-1"]
[WhiteElo "1382"]
[BlackElo "1618"]
[PlyCount "66"]
[EventDate "2009.04.04"]
[EventType "swiss"]
[EventRounds "9"]
[EventCountry "GER"]
[SourceTitle "EXT 2010"]
[Source "ChessBase"]
[SourceDate "2010.11.25"]
[SourceVersion "1"]
[SourceVersionDate "2010.11.25"]
[SourceQuality "1"]

1. e4 d6 2. d4 g6 3. Be3 Bg7 4. Qd2 c6 5. h3 Nd7 6. f4 e5 7. Nc3 Qh4+ 8. Kd1 Qe7 9. dxe5 dxe5 10. f5 b5 11. Nf3 Ngf6 12. Bd3 Bb7 13. g4 b4 14. Ne2 c5 15. Ng3 c4 16. Bxc4 Nxe4 17. Qg2 Rd8 18. Kc1 a5 19. Rd1 a4 20. Bd5 Bxd5 21. Rxd5 Nxg3 22. Qxg3 0-0 23. a3 Rb8 24. Qe1 b3 25. c3 Rfd8 26. Ra5 Ra8 27. Rxa8 Rxa8 28. Kd2 Nc5 29. Bxc5 Qxc5 30. Rd1 gxf5 31. gxf5 Bh6+ 32. Kd3 Rd8+ 33. Ke4 Qc6+ 0-1

[Event "Niedersachsen-ch U16"]
[Site "Rotenburg"]
[Date "2009.04.05"]
[Round "3"]
[White "Reinkemeier, Fabian"]
[Black "Evers, Annika"]
[Result "1/2-1/2"]
[WhiteElo "1618"]
[BlackElo "1532"]
[PlyCount "58"]
[EventDate "2009.04.04"]
[EventType "swiss"]
[EventRounds "9"]
[EventCountry "GER"]
[SourceTitle "EXT 2010"]
[Source "ChessBase"]
[SourceDate "2010.11.25"]
[SourceVersion "1"]
[SourceVersionDate "2010.11.25"]
[SourceQuality "1"]

1. e4 c5 2. c4 Nc6 3. f4 g6 4. Nf3 Bg7 5. Nc3 d6 6. d3 Nf6 7. Be3 0-0 8. Be2 Bd7 9. h3 Re8 10. g4 e5 11. fxe5 dxe5 12. Bxc5 Be6 13. a3 Nd7 14. Be3 Nd4 15. Nd5 Nxe2 16. Qxe2 Rc8 17. Ng5 Nc5 18. Qd1 Bd7 19. b4 Ne6 20. Nxe6 Bxe6 21. Bxa7 Bxd5 22. cxd5 b6 23. Qd2 Re7 24. Bxb6 Qxb6 25. Ke2 Rec7 26. Rhc1 Bf8 27. Rxc7 Qxc7 28. Kd1 Qb6 29. Ke2 Qc7 1/2-1/2

[Event "Niedersachsen-ch"]
[Site "Verden"]
[Date "2006.01.08"]
[Round "7"]
[White "Reinkemeier, Fabian"]
[Black "Reusch, Julian"]
[Result "0-1"]
[WhiteElo "1374"]
[BlackElo "1878"]
[PlyCount "56"]
[EventDate "2006.01.??"]
[EventType "swiss"]
[EventRounds "7"]
[EventCountry "GER"]
[SourceTitle "CBM 110 Extra"]
[Source "ChessBase"]
[SourceDate "2006.03.10"]
[SourceVersion "2"]
[SourceVersionDate "2006.03.10"]
[SourceQuality "1"]

1. e4 e6 2. Nf3 d5 3. exd5 exd5 4. d4 Bd6 5. Bd3 f6 6. Be3 Nc6 7. c3 Be6 8. Nbd2 Qd7 9. Nb3 0-0-0 10. Nc5 Bxc5 11. dxc5 Ne5 12. Nd4 Ne7 13. c6 N7xc6 14. Nxc6 Nxc6 15. Bb5 a6 16. Bxc6 Qxc6 17. Qd4 b6 18. 0-0 Rhe8 19. b4 Bf5 20. Rfc1 Kb7 21. a4 Re4 22. Qd2 Rde8 23. a5 b5 24. Re1 Qe6 25. Kf1 g5 26. Bd4 Rxe1+ 27. Qxe1 Qxe1+ 28. Rxe1 Bd3+ 0-1

[Event "Niedersachsen-ch"]
[Site "Verden"]
[Date "2006.01.06"]
[Round "3"]
[White "Reinkemeier, Fabian"]
[Black "Gussenberg, Torben"]
[Result "1-0"]
[WhiteElo "1374"]
[BlackElo "1067"]
[PlyCount "47"]
[EventDate "2006.01.??"]
[EventType "swiss"]
[EventRounds "7"]
[EventCountry "GER"]
[SourceTitle "CBM 110 Extra"]
[Source "ChessBase"]
[SourceDate "2006.03.10"]
[SourceVersion "2"]
[SourceVersionDate "2006.03.10"]
[SourceQuality "1"]

1. e4 c5 2. Nf3 e6 3. Nc3 Nc6 4. d4 cxd4 5. Nxd4 Bb4 6. Ndb5 Qa5 7. Bf4 a6 8. Nc7+ Ke7 9. Nxa8 Bxc3+ 10. bxc3 Qxc3+ 11. Bd2 Qe5 12. Bd3 Nf6 13. 0-0 h5 14. Nb6 Ng4 15. g3 Nd4 16. Nxc8+ Rxc8 17. f3 Nf6 18. Bb4+ Ke8 19. f4 Qc7 20. e5 Ng4 21. h3 Ne3 22. Qxh5 d6 23. exd6 Qc6 24. d7+ 1-0

[Event "Niedersachsen-ch U12"]
[Site "Rotenburg/Wuemme"]
[Date "2005.03.19"]
[Round "1"]
[White "Reinkemeier, Fabian"]
[Black "Guennigmann, Manuel"]
[Result "0-1"]
[WhiteElo "1139"]
[BlackElo "1647"]
[PlyCount "53"]
[EventDate "2005.03.19"]
[EventType "swiss"]
[EventRounds "9"]
[EventCountry "GER"]
[SourceTitle "EXT 2007"]
[Source "ChessBase"]
[SourceDate "2006.11.23"]
[SourceVersion "1"]
[SourceVersionDate "2006.11.23"]
[SourceQuality "1"]

1. e4 c5 2. Nf3 e6 3. Bc4 d6 4. c3 Nf6 5. Qc2 Be7 6. 0-0 0-0 7. d4 cxd4 8. cxd4 d5 9. exd5 exd5 10. Bd3 Nc6 11. Be3 h6 12. Nc3 Be6 13. Bb5 Rc8 14. Bxc6 bxc6 15. Qa4 Qb6 16. Ne5 Nd7 17. Qc2 Qc7 18. Bf4 Nxe5 19. Bxe5 Qd8 20. Qa4 Qb6 21. Rab1 Rfd8 22. Rfd1 Bf5 23. Rbc1 Bg5 24. Ra1 Qxb2 25. Qb3 Qxb3 26. axb3 Bc2 27. Rdc1 0-1

[Event "Niedersachsen-ch U12"]
[Site "Borkum"]
[Date "2004.04.06"]
[Round "6"]
[White "Bohn, Dennis"]
[Black "Reinkemeier, Fabian"]
[Result "0-1"]
[WhiteElo "829"]
[BlackElo "1061"]
[PlyCount "64"]
[EventDate "2004.04.??"]
[EventType "swiss"]
[EventRounds "9"]
[EventCountry "GER"]
[SourceTitle "EXT 2005"]
[Source "ChessBase"]
[SourceDate "2004.11.15"]
[SourceVersion "1"]
[SourceVersionDate "2004.11.15"]
[SourceQuality "1"]

1. e4 d6 2. d4 Nf6 3. Nc3 g6 4. Be3 Bg7 5. Nf3 Bg4 6. Be2 0-0 7. Qd2 Nbd7 8. h3 Bxf3 9. Bxf3 c6 10. 0-0-0 b5 11. Rdg1 Qa5 12. Kb1 Rab8 13. g4 c5 14. d5 c4 15. h4 b4 16. Nd1 Qb5 17. b3 cxb3 18. cxb3 a5 19. h5 Ra8 20. Nb2 Nc5 21. Be2 Qb6 22. hxg6 fxg6 23. f3 Nfd7 24. Bh6 Rf7 25. Rh3 a4 26. Be3 axb3 27. axb3 Qa5 28. Rgh1 Qa1+ 29. Kc2 Qxb2+ 30. Kd1 Ra1+ 31. Qc1 Rxc1+ 32. Bxc1 Qxb3+ 0-1

[Event "Niedersachsen-ch U12"]
[Site "Borkum"]
[Date "2004.04.03"]
[Round "1"]
[White "Reinkemeier, Fabian"]
[Black "Dorn, Carina"]
[Result "0-1"]
[WhiteElo "1061"]
[BlackElo "1340"]
[PlyCount "46"]
[EventDate "2004.04.??"]
[EventType "swiss"]
[EventRounds "9"]
[EventCountry "GER"]
[SourceTitle "EXT 2005"]
[Source "ChessBase"]
[SourceDate "2004.11.15"]
[SourceVersion "1"]
[SourceVersionDate "2004.11.15"]
[SourceQuality "1"]

1. e4 e6 2. Nf3 d5 3. exd5 exd5 4. d4 Bd6 5. Nc3 c6 6. Bd3 Ne7 7. 0-0 Bf5 8. Re1 Bxd3 9. Qxd3 0-0 10. Ng5 g6 11. Qh3 h5 12. g4 Nd7 13. gxh5 gxh5 14. Qxh5 Nf6 15. Qh3 Ng6 16. Kh1 Qc7 17. Rg1 Rfe8 18. Bd2 Kf8 19. Nh7+ Nxh7 20. Qxh7 Bf4 21. Bxf4 Qxf4 22. Rae1 Qf3+ 23. Rg2 Rxe1# 0-1